000
00340nam a2200133Ia 4500
008
240624s9999 xx 000 0 und d
041
_a
eng
082
_a
332.6 ALT
100
_a
ALTUCHER JAMES
245
_a
TRADE LIKE WARREN BUFFETT
260
_c
2005
_a
New Jersey
_b
John Wiley and Sons
300
_a
ix, : 246 : p. : cm. ; 23
365
_c
RS
999
_c
9519
_d
9519